| 000 | 00748nam a2200241 u 4500 | ||
|---|---|---|---|
| 005 | 20240228063631.0 | ||
| 008 | 090519s2001 es r 000 0 spa d | ||
| 020 | _a8421615394 | ||
| 035 | _aUPN01000170529 | ||
| 049 | _aI | ||
| 050 | 4 |
_aPZ74.9 _bD8.56 2001 |
|
| 100 | 1 | _aDunant, Mathias | |
| 245 | 1 | 3 |
_aEl monstruo de Jarama / _cMathias Dunant ; tr. Juana Aurora Mayoral ; il. Javier Zabala. |
| 250 | _a4a ed. | ||
| 260 |
_aMadrid : _bBruño, _c2001. |
||
| 300 | _a129 p. | ||
| 440 | 0 |
_aCiencia ficción ; _v40 |
|
| 534 |
_pTraducción de: _tLe monstre de Jarama |
||
| 650 | 4 |
_aLiteratura infantil española _95892 |
|
| 650 | 4 |
_aCiencia ficción _vCuentos y leyendas _913121 |
|
| 650 | 0 |
_aHistorias de aventuras _94131 |
|
| 905 | _aInfantil | ||
| 999 |
_c142634 _d142634 |
||